000 00549nam a2200217 a 4500
999 _c3817
_d3817
001 3814
003 BD-JhCC
005 20171119102944.0
008 171118s1947 uk |||| |||| 000 0 eng d
035 _a(BD-JhCC)
040 _aBD-JhCC
_dBD-JhCC
041 _aeng
082 _a808.8
_bSTA 1947
100 _aStaines, Gladys
245 _aStories to Act /
_cGladys staines
260 _aLondon :
_bGinn and Company Ltd
_c1947
300 _a71 p.;
_c14 cm
490 _aThe Beacon Library Book two stage
650 _aRecitations
942 _2ddc
_cBK